Statistics for Most Spoken Amerindian Languages

Click here to take the quiz!

General Stats

  • This quiz has been taken 16 times
  • The average score is 5 of 15

Answer Stats

Number Of SpeakersLanguage% Correct
6,080,000Quechua
100%
4,850,000Guarani
81%
1,677,100Aymara
75%
851,316Yucatec Maya
75%
1,688,261Nahuatl
56%
500,934Mixtec
25%
450,431Zapotec
19%
450,000Kaqchikel
6%
478,000Mam
6%
524,823Tzeltal
6%
918,000Ancash Quechua
0%
2,330,000Kʼicheʼ
0%
1,200,000Kichwa
0%
800,000Q'eqchi'
0%
460,374Tzotzil
0%

Score Distribution

Percentile by Number Answered

Percent of People with Each Score

Your Score History

You have not taken this quiz